[Event "HUN-chT2 Asztalos 1516"]
[Site "Hungary"]
[Date "2015.09.13"]
[Round "1.4"]
[White "Degi, Janos"]
[Black "Balazs, Adorjan"]
[Result "0-1"]
[WhiteElo "1913"]
[BlackElo "2075"]
[PlyCount "82"]
[EventDate "2015.09.13"]
[EventType "team-tourn"]
[EventRounds "11"]
[EventCountry "HUN"]
[SourceTitle "CBM 170 Extra"]
[Source "ChessBase"]
[SourceDate "2016.02.25"]
[SourceVersion "1"]
[SourceVersionDate "2016.02.25"]
[SourceQuality "1"]
[WhiteTeam "Marcali"]
[BlackTeam "Szentlorinc"]
[WhiteTeamCountry "HUN"]
[BlackTeamCountry "HUN"]

1. f4 d5 2. Nf3 Nf6 3. Ne5 Nbd7 4. d4 e6 5. e3 Nxe5 6. fxe5 Ne4 7. Qf3 Be7 8. Bd3 f5 9. exf6 Nxf6 10. 0-0 0-0 11. Qg3 Ne4 12. Rxf8+ Qxf8 13. Bxe4 dxe4 14. Qe5 Bh4 15. g3 Qf3 16. Nc3 Bd7 17. Qxe4 Qxe4 18. Nxe4 Be7 19. c4 Bc6 20. Nf2 b5 21. b3 bxc4 22. bxc4 Rb8 23. e4 Bf6 24. d5 Bxa1 25. dxc6 Rb1 26. Nd3 Bb2 27. Kg2 Bxc1 28. Nc5 Ba3 29. Nxe6 Bd6 30. e5 Bxe5 31. Kf3 Rb6 32. Ke4 Rxc6 33. Kd5 Rxe6 34. Kxe6 Bd6 35. Kd5 Kf7 36. Kc6 Ke6 37. a4 a5 38. Kb5 Bb4 39. Kc6 Ke5 40. g4 Kd4 41. Kxc7 Kxc4 0-1

[Event "HUN-chT2 Asztalos 1415"]
[Site "Hungary"]
[Date "2015.03.22"]
[Round "8"]
[White "Kele, Karoly"]
[Black "Balazs, Adorjan"]
[Result "1/2-1/2"]
[WhiteElo "2121"]
[BlackElo "2070"]
[PlyCount "41"]
[EventDate "2014.10.12"]
[EventType "team-tourn"]
[EventRounds "9"]
[EventCountry "HUN"]
[SourceTitle "EXT 2016"]
[Source "ChessBase"]
[SourceDate "2015.10.08"]
[SourceVersion "1"]
[SourceVersionDate "2015.10.08"]
[SourceQuality "1"]
[WhiteTeam "Pecs Karmin"]
[BlackTeam "Szentlorinc"]
[WhiteTeamCountry "HUN"]
[BlackTeamCountry "HUN"]

1. e4 c5 2. Nf3 Nc6 3. d4 cxd4 4. Nxd4 Qc7 5. Nc3 Nf6 6. Be2 a6 7. 0-0 e6 8. a3 b5 9. Be3 Bb7 10. Bd3 Rc8 11. Kh1 h5 12. Nxc6 Bxc6 13. Bd4 Bd6 14. h3 Ke7 15. Qe2 Ng4 16. Nd5+ Bxd5 17. exd5 Be5 18. Bxe5 Qxe5 19. Qxe5 Nxe5 20. dxe6 fxe6 21. Rac1 1/2-1/2